000 00571nam a22002057a 4500
999 _c5917
_d5917
003 GBCCL
005 20241126110552.0
008 180417b ||||| |||| 00| 0 eng d
040 _cgbc
082 _a822.33
_bJON
100 _aJonson, Benjamin
_910708
245 _aThe Alchemist /
_cBenjamin Johnson
250 _aInd. impression,reprinted
260 _aBombay:
_bOxford University Press,
_c1991
300 _a223 p.;
_c18 cm.
650 _aLondon
_vDrama
_910709
650 _aAlchemist
_vDrama
_910710
650 _aCity and town life
_vDrama
_910711
942 _2ddc
_cBK